| 000 | 00791nam a2200277 a 4500 | ||
|---|---|---|---|
| 001 | 000113887 | ||
| 003 | CHAP | ||
| 005 | 20220329144417.0 | ||
| 008 | 171004s2015 sp |r| ||||f|spa d | ||
| 010 | _a110348 | ||
| 011 | _a111320 | ||
| 020 | _a9788420412146 | ||
| 040 | _cCHAP | ||
| 082 | 0 | 4 |
_a863.3 _bC41 |
| 100 | 1 |
_aCervantes Saavedra, Miguel de _9133599 |
|
| 245 | 1 | 0 |
_aDon Quijote de la Mancha / _cpor Miguel de Cervantes Saavedra. |
| 260 |
_aMadrid : _bPenguin Random House, _c2015. |
||
| 300 | _acxxi, 1249 p. | ||
| 500 | _aEdición Conmemorativa IV Centenario Cervantes | ||
| 590 |
_aE5765TAJ _b05 _c20171004 _lUCH01 _h1146 |
||
| 650 | 1 | 4 |
_aLiteratura española. _967124 |
| 650 | 1 | 4 |
_aNovela española _ySiglo XVI. _9133625 |
| 901 | _aBK | ||
| 942 | _cLIBRO | ||
| 942 | _n0 | ||
| 999 |
_c110348 _d110348 |
||